00499 2200181 4500001002100000005001500021008004100036020002200077035001900099041000700118082000800125090001400133100002400147245003600171260005400207300003800261650001800299INLIS00000000000819520241224113614241224||||||||| | ||| |||| || |  a978-979-732-058-7 0010-1224008195 aid0 a813 a813 RAM t0 aKorrie Layun Rampan00aTokoh-tokoh Cerita Pendek Dunia aJakartabPT. Gramedia Widiasarana Indonesiac2005 a21x14 cm, xviii, 234 hlm.; ilus.: 0aKesusasteraan